00337nam a2200109Ia 450000500170000000800410001710000280005824500960008626000170018230000110019965000170021020260328104345.0260328s9999||||xx |||||||||||||| ||und|| aFondation Le Corbusier  0a1922 – Ausblick auf eine Architektur (Bauwelt Fundamente, 002) /cFondation Le Corbusier  bBirkhäuser a215 p. aLe Corbusier